000 00427nam a2200145Ia 4500
003 OSt
005 20260331150313.0
008 211028s2011 xx 000 0 und d
040 _cAIMIT LIBRARY
041 _aeng
100 _aMathew, Melvin;Madla,Girish.
_g916058
_96820
245 _aTo evaluate and enhance the business opportunity for volkswagen Mangalore /
260 _aMangalore
_bMadla,Girish
_c2011
942 _2ddc
_cPRO
999 _c218390
_d218390